| 000 -LEADER | |
|---|---|
| fixed length control field | 00447nam a22001697a 4500 |
| 005 - DATE AND TIME OF LATEST TRANSACTION | |
| control field | 20180411114712.0 |
| 008 - FIXED-LENGTH DATA ELEMENTS--GENERAL INFORMATION | |
| fixed length control field | 160615b xxu||||| |||| 00| 0 eng d |
| 020 ## - INTERNATIONAL STANDARD BOOK NUMBER | |
| ISBN | 81-259-1290-8 |
| 041 ## - LANGUAGE CODE | |
| Language code of text/sound track or separate title | eng |
| 082 ## - DEWEY DECIMAL CLASSIFICATION NUMBER | |
| Item number | 7667 |
| Classification number | 338.925 |
| 100 ## - MAIN ENTRY--AUTHOR NAME | |
| Personal name | Mishra, R.K. & others |
| 245 ## - TITLE STATEMENT | |
| Title | Privatisation a Global perspective |
| 260 ## - PUBLICATION, DISTRIBUTION, ETC. (IMPRINT) | |
| Place of publication | New Delhi |
| Name of publisher | Vikas Publishing House (P) Ltd. |
| Year of publication | 2004 |
| 300 ## - PHYSICAL DESCRIPTION | |
| Number of Pages | 300 |
| 650 ## - SUBJECT ADDED ENTRY--TOPICAL TERM | |
| Topical Term | Management |
| 942 ## - ADDED ENTRY ELEMENTS (KOHA) | |
| Koha item type | Books |
| Lost status | Damaged status | Collection code | Home library | Current library | Shelving location | Date acquired | Source of acquisition | Cost, normal purchase price | Full call number | Accession Number | Koha item type |
|---|---|---|---|---|---|---|---|---|---|---|---|
| MANAGEMENT | JRU Library | JRU Library | SHELF-58-G | 15/06/2016 | PURCHASE | 950.00 | 338.925 | 7667 | Books | ||
| MANAGEMENT | JRU Library | JRU Library | SHELF-58-G | 15/06/2016 | PURCHASE | 950.00 | 338.925 | 7668 | Books | ||
| JRU Library | SHELF-30-A | 15/06/2016 | 950.00 | 338.925 | 7669 | Books | |||||
| MANAGEMENT | JRU Library | JRU Library | SHELF-58-G | 15/06/2016 | PURCHASE | 950.00 | 338.925 | 7670 | Books | ||
| MANAGEMENT | JRU Library | JRU Library | SHELF-58-G | 15/06/2016 | PURCHASE | 950.00 | 338.925 | 7671 | Books |